00367 2200121 4500001002100000005001500021035002400036090002600060245007500086260003800161300003100199990001500230YOGYA00000000003055220140823030905 0010-081400000030270 aRQ 027.50959843 Per L aLaporan tahunan perpusda Kalimantan timurcPerpusda (Kalimantan Timur) aSamarindabPerpusda Kal-timc1995 aii, 35 hlm.bilus.c28 cm. a23150-A/95